Devinez l'État Américain Mystère #26 - Statistiques

Statistiques générales
  • Ce quiz a été pris 182 fois
  • Le résultat moyen est 29 sur 31
Statistiques - réponses
Type de Réponse Réponse % Correct
Lettre Trouvée A
100%
Lettre de l'Alphabet H
100%
Lettre Trouvée I
99%
Lettre Trouvée O
99%
Lettre de l'Alphabet E
98%
Lettre de l'Alphabet N
98%
Lettre de l'Alphabet S
98%
Lettre de l'Alphabet T
98%
Lettre de l'Alphabet D
97%
Lettre de l'Alphabet R
96%
Lettre de l'Alphabet U
96%
Lettre de l'Alphabet C
94%
Lettre de l'Alphabet G
94%
Lettre de l'Alphabet K
94%
Lettre de l'Alphabet L
94%
Lettre de l'Alphabet M
94%
Lettre Trouvée W
94%
Lettre de l'Alphabet F
92%
Lettre de l'Alphabet X
92%
Lettre de l'Alphabet Y
92%
Lettre de l'Alphabet V
90%
Lettre de l'Alphabet B
88%
Lettre de l'Alphabet P
88%
Lettre de l'Alphabet Z
86%
Lettre de l'Alphabet J
85%
Lettre de l'Alphabet Q
85%
Lettre Bien Placée A
83%
Lettre Bien Placée I
83%
État Mystère Iowa
83%
Lettre Bien Placée O
83%
Lettre Bien Placée W
83%
Aucun quiz correspondant
Distribution des résultats
% des personnes avec chaque résultat
Percentile par nombre de réponses
Votre historique - résultats
Vous n’avez pas pris ce quiz